Дело по прошению коллежского советника Быкова о пропаже у него во время спектакля в Александринском театре шубы, отданной на сох...

Доступно только в Электронных читальных залах Найти на картеНа карте
RUSMARC
00003861nmc2a22000003x 450
00143a1cd91-a490-4df4-af2e-d6ef71346aeb
00520181225131207.0
100##$a20170628l18461846k l0rusy0189 ca
1010#$arus
102##$aRU
2001#$aДело по прошению коллежского советника Быкова о пропаже у него во время спектакля в Александринском театре шубы, отданной на сохранение капельдинеру Кожевникову, и о сообщении об этом господину обер-полицеймейстеру
$j31 января - 31 декабря 1846 г.
251##$cДело
300##$aПо Санкт-Петербургской дирекции за 1846 год
300##$aДело
801#0$aRU
$bРГИА
$c20170628
$gRCR
801#1$aRU
$bГлавНИВЦ
$c20170628
$2rusmarc
801#2$aRU
$bПБ им. Б.Н. Ельцина
$c20181225
$gRCR
$2rusmarc
850##$aРГИА
852##$aРГИА
$eФедеральное казенное учреждение "Российский государственный исторический архив" (РГИА)
$j10814
937##$hРГИА
$d12246593
$aASBIBLIO_SCAN
462#0$1001dd3991dc-24e1-42ec-8838-ca4255420416
$12001
$a1746-1850 гг.
$1251
$cОпись
$1852
$j1
461#0$10019264ebf8-de62-4f1a-9eb4-9f22098dbbd5
$12001
$aДирекция императорских театров МИДв
$1251
$cФонд
$1852
$j497
215##$a5 л.
$d36,5х26 см
371##$aДокумент не является опубликованным и широко распространяемым
105##$ay###
1222#$ad
035##$a43a1cd91-a490-4df4-af2e-d6ef71346aeb
856##$uhttp://readingroom.main.prlib.ru/item.aspx?id_node=n122322106&mode=full
Формат отображения